000
00251nam a2200097Ia 4500
001
1010873
005
20250826230729.0
008
250824s9999 xx 000 0 und d
245
0
_a
STEGANIN DOĞUM GÜNÜ
_c
PIERRE GEMME
260
_b
HEP KİTAP YAYINLARI
999
_c
1010873
_d
1010873